000 00686nam a2200241Ia 4500
003 OSt
005 20220925223246.0
006 a|||||r|||| 00| 0
007 ta
008 220923b |||||||| |||| 00| 0 eng d
037 _cGeneral Book
040 _aRTL
_cRTL
_beng
041 _2eng
_aeng
082 _aXM5 :8, J0 2
100 _aLevy A B
245 0 _aPrivate corporations and their control.2V
260 _aLondon
_bRoutledge
_c1950
300 _a916p
_ccm.
490 _aInternation Library of Socialogy and social Reconstructiion
650 _aCorporate MVPs
_9231840
942 _hXM5 :8, J0 2
_cGB
_2CC
999 _c579050
_d579050